Statistiche per Titoli di film che contengono animali #4

Clicka qui per fare il quiz!

Statistiche generali

  • Questo quiz è stato fatto 39 volte
  • Il punteggio medio è 5 su 10

Statistiche sulle risposte

Titoli dei film (incompleti)Animali% Corretto
Gli aristo________Gatti
97%
La principessa e il ________Ranocchio
94%
Le cronache di Narnia: il ________, la strega e l'armadioLeone
82%
Il ________ a nove codeGatto
79%
L'________ dalle piume di cristalloUccello
65%
La coda dello ________Scorpione
59%
Io e gli ________Orsi
21%
Quando gli ________ volavanoElefanti
12%
________ in agguatoTigre
12%
________ in missioneCicogne
3%

Distribuzione punteggi

Percentile per numero di risposta

Percentuale di utenti per punteggio

I tuoi punteggi nel tempo

Non hai fatto questo quiz